=LDR 00000nam 2200000 4500 =001 INLIS000000000055630 =005 20200803100412 =035 ##$$a 0010-0620000070 =007 ta =008 200803################g##########0#ind## =082 ##$$a 2x4.253 =084 ##$$a 2x4.253 TAI p =100 1#$$a Taimiyah, Ibnu =245 1#$$a Pesan Agung /$c Ibnu Taimiyah =250 ##$$a cet.1 =260 ##$$a Jakarta :$b Pustaka Mantiq =300 ##$$a 193 hlm, ; $c 12x18 cm =600 #4$$a Pesan =990 ##$$a 1200000577